000 01006nam a22002292a 4500
001 5351
003 UkOxU
005 20211208234042.0
008 131232s1949 enk 000 0 eng d
035 _aOCLC ocm10073579 from D941130M
040 _aVZQ
_cVZQ
_dOCL
_dEQO
_beng
041 1 _aeng
_hger
082 _a 362.74
_bADG 1949
100 1 _aAdler, Alfred,
_d1870-1937.
_916817
245 1 0 _aGuiding the child on the principles of individual psychology /
_cby Alfred Adler and associates; translated from the German by Benjamin Ginzburg, PH. D.
260 _aLondon :
_bAllen,
_c1930 [Impression 1949]
300 _aviii, 9-268 p.
_c21 cm
500 _aThe problems, accomplishments and failures encountered in the twenty-eighth child guidance clinics established under the leadership of Dr. Alfred Adler in Vienna, Berlin and Munich, reported by the experts in charge, and edited by Dr. Adler. cf. Prefatory note
650 0 _aChild psychology
_93848
650 0 _aChild rearing
_916818
942 _2ddc
_cBK
999 _c5351
_d5351